000 01060cab a2200229 4500
001 ABS67645
008 040330n2004 000 0 eng u
035 _a(Sirsi) u125673
100 _aWilliams, P.
245 4 _aThe draft Disability Discrimination Bill
260 _c2004
490 _aAccess by Design
_v (98) Spring 2004, 7-10(3)
520 _aConsiders the draft Disability Discrimination Bill, which was published in December 2003. The changes it proposes seem likely to come into effect in two years time. Reviews the changes which it will, if enacted, bring about and looks at two of the specific issues that it addresses; the letting of premises and private clubs.
590 _aABS
650 _aDISABILITY DISCRIMINATION BILL 2003
650 _aLETTINGS
650 _aPRIVATE MEMBERS' CLUBS
650 _aMANAGEMENT-BUSINESS MANAGEMENT-DISCRIMINATION-DISABILITY DISCRIMINATION-ACCESSIBILITY
690 _aPROPERTY-RESIDENTIAL PROPERTY-RESIDENTIAL LANDLORD AND TENANT-RESIDENTIAL TENANCIES
700 _aCullingworth, R.
942 _n0
999 _c74325
_d74325